01306 2200409 4500001002100000005001500021035002000036007000300056008004100059020002200100082001400122084001600136100002900152245015600181250003500337300003100372650002200403700002400425700002200449700003400471700002900505700002400534700002700558700002200585700002900607700002300636504002500659264003800684336002100722337003000743338002300773040002200796090002200818850001200840999002200852990002200874INLIS00000000090296120260218023848 a0010-0226000797ta260218s2025 yoia g ind d a978-623-6407-32-504223a340.1 a340.1 SYA p1 aSyamsudin, M.ePengarang10aPengembangan hukum profetik /cM. Syamsudin, Shidarta, Absori, Rohidin, Budi Agus Riswandi, Ni'matul Huda, Sefriani, Sri Wartini, Ridwan, Agus Triyanta aCetakan Pertama, 11 April 2025 aviii, 260 halaman ;c23 cm 4aHukum--xFilsafat0 aShidartaePengarang0 aAbsoriePengarang0 aBudi Agus RiswandiePengarang0 aNi'matul HudaePengarang0 aSefrianiePengarang0 aSri WartiniePengarang0 aRidwanePengarang0 aAgus TriyantaePengarang0 aRohidinePengarang aTermasuk bibliografi31aYogyakarta :bFH UII Press,c2025 2rdacontentateks 2rdamediaatanpa perantara 2rdacarrieravolume aYOPDYOGbinderda aCB-D.11 2025-5215 aYOPDYOG aCB-D.11/2025-5215 aCB-D.11/2025-5215